000
00310nam a22001337a 4500
008
170310b xxu||||| |||| 00| 0 eng d
020
_a
9781455750658
041
_a
eng
080
_a
611
100
_a
7
101
_a
SHM
245
_a
DRUG SAFETY MANAGING INNOVATION RHEUMATOLOGY
_c
CUSH.J.J
942
_2
udc
_c
BK
999
_c
7430
_d
7430